000 00468nam a2200169Ia 4500
003 OSt
005 20200703093954.0
008 190216s9999||||xx |||||||||||||| ||und||
020 _a0862251729
040 _coclc
082 _a942.06
_bMAC/H
100 _aMacaulay, Lord
_93481
245 0 _aHistory Of England /
_cLord Macaulay
260 _bHeron Books,
_c1967.
_aLondon:
300 _a645p
942 _cBK
_2ddc
_h942.06
_iMAC/H
_k942.06
_mMAC/H
999 _c19741
_d19741